| 000 | 00904 a2200193 4500 | ||
|---|---|---|---|
| 003 | Nust | ||
| 005 | 20221129135128.0 | ||
| 020 | _a9814126047 | ||
| 040 | _cNust | ||
| 082 | _a519.2, TRI | ||
| 100 |
_aTrivedi,Shrridharbhai _9103774 |
||
| 245 |
_aProbabilty and Statistics with Reliability queuing and _b Compter Science Applications _cShrridharbhai,Trivedi |
||
| 250 | _a2 nd ed | ||
| 260 |
_aNY _bwiley _c2002 |
||
| 300 | _a819p | ||
| 505 | _aIntroduction (Page-1), Discrete Random Variables (Page-61), Continuous Random Variables (Page-115), Expectation (Page-193), Conditional Distribution and Expectation (Page-247), Stochastic Processes (Page-289), Discrete time Markov Chains (Page-337), Continuous Time Markov Chains (Page-405), Networks of Queues (Page-555), Statistical Inference (Page-637), Regression and Analysis of Variance (Page-727), | ||
| 650 | _aComputer Science | ||
| 942 |
_2ddc _cBK |
||
| 999 |
_c176979 _d176979 |
||